Dessins Animés français en images #2 - Statistiques

Statistiques générales
  • Ce quiz a été pris 30 882 fois
  • Le résultat moyen est 12 sur 20
Statistiques - réponses
Par images Réponse % Correct
Titeuf
93%
Totally Spies
90%
Oggy et les cafards
88%
Trotro
86%
Les Lapins Crétins : Invasion
85%
Famille Pirate
80%
Il était une fois... la vie
80%
Ratz
76%
Tom-Tom et Nana
75%
Les As de la jungle
69%
Code Lyoko
66%
Martin Mystère
58%
Les Kassos
50%
Idéfix et les Irréductibles
45%
Pyjamasques
45%
Marcelino
44%
Denver, le dernier dinosaure
35%
Ulysse 31
26%
Kangoo
25%
Chapi Chapo
17%
Aucun quiz correspondant
Distribution des résultats
% des personnes avec chaque résultat
Percentile par nombre de réponses
Votre historique - résultats
Vous n’avez pas pris ce quiz